Statistical Method in Medical Research (Record no. 4601)

MARC details
000 -LEADER
fixed length control field 00714nam a22002417a 4500
003 - CONTROL NUMBER IDENTIFIER
control field OSt
005 - DATE AND TIME OF LATEST TRANSACTION
control field 20210405131120.0
008 - FIXED-LENGTH DATA ELEMENTS--GENERAL INFORMATION
fixed length control field 160701b xxu||||| |||| 00| 0 eng d
020 ## - INTERNATIONAL STANDARD BOOK NUMBER
International Standard Book Number 9780632052578
020 ## - INTERNATIONAL STANDARD BOOK NUMBER
International Standard Book Number 0632015012
040 ## - CATALOGING SOURCE
Transcribing agency 040a
082 ## - DEWEY DECIMAL CLASSIFICATION NUMBER
Classification number WA950 A55s 1994
Item number A55s 1994
100 ## - MAIN ENTRY--PERSONAL NAME
Personal name Armitage, P.; Berry, G.
9 (RLIN) 9880
245 ## - TITLE STATEMENT
Title Statistical Method in Medical Research
250 ## - EDITION STATEMENT
Edition statement 2nd.ed
260 ## - PUBLICATION, DISTRIBUTION, ETC. (IMPRINT)
Place of publication, distribution, etc. London;
Name of publisher, distributor, etc. Blackwell scientific publications,
Date of publication, distribution, etc. 1994
300 ## - PHYSICAL DESCRIPTION
Extent xiii, 559p;
Other physical details ill :
Dimensions 15 cm.
504 ## - BIBLIOGRAPHY, ETC. NOTE
Bibliography, etc Includes bibliographical references and index
650 ## - SUBJECT ADDED ENTRY--TOPICAL TERM
Topical term or geographic name as entry element Medical statistics
9 (RLIN) 9881
650 ## - SUBJECT ADDED ENTRY--TOPICAL TERM
Topical term or geographic name as entry element Medical reseach
9 (RLIN) 12553
650 ## - SUBJECT ADDED ENTRY--TOPICAL TERM
Topical term or geographic name as entry element Research methods
9 (RLIN) 2296
942 ## - ADDED ENTRY ELEMENTS (KOHA)
Source of classification or shelving scheme Other/Generic Classification Scheme
Koha item type Open Shelf
Holdings
Withdrawn status Lost status Source of classification or shelving scheme Damaged status Not for loan Home library Current library Date acquired Source of acquisition Inventory number Total Checkouts Full call number Barcode Date last seen Price effective from Koha item type
    Other/Generic Classification Scheme     MUST Main Library MUST Main Library 01/07/2016   10056   WA 950 A55s 1994 2016-2948 01/07/2016 01/07/2016 Open Shelf
    Other/Generic Classification Scheme     MUST Main Library MUST Main Library 01/07/2016   1995/7589   WA 950 A55s 1994 2016-2956 01/07/2016 01/07/2016 Open Shelf
    Other/Generic Classification Scheme     MUST Main Library MUST Main Library 01/07/2016   10059   WA 950 A55s 1994 2016-2957 01/07/2016 01/07/2016 Open Shelf